[Event "Medellin de La Raza U2000 op"]
[Site "Medellin"]
[Date "2023.10.12"]
[Round "1"]
[White "Santamaria Arcila, Nicolas"]
[Black "Diaz Gonzalez, Ana Sofia"]
[Result "1/2-1/2"]
[WhiteElo "1117"]
[BlackElo "1622"]
[PlyCount "37"]
[EventDate "2023.10.12"]
[EventType "swiss"]
[EventRounds "9"]
[EventCountry "COL"]
[SourceTitle "Mega2024 Update 01"]
[Source "Chessbase"]
[SourceDate "2023.11.12"]
[SourceVersion "1"]
[SourceVersionDate "2023.11.12"]
[SourceQuality "1"]

1. e4 e5 2. Nf3 Nc6 3. Nc3 Nf6 4. d4 exd4 5. Nxd4 Bb4 6. Nxc6 bxc6 7. Bd3 d5 8. 0-0 0-0 9. exd5 cxd5 10. a3 Bg4 11. Be2 Bxe2 12. Nxe2 Bd6 13. f4 Bc5+ 14. Kh1 Ne4 15. Nd4 Qh4 16. Qf3 Bxd4 17. Be3 Bxe3 18. Qxe3 Rfe8 19. Kg1 1/2-1/2